000 00346nam a22001457a 4500
003 OSt
008 240224b |||||||| |||| 00| 0 eng d
020 _a9789352665831
100 _aSTONE,William Clement
245 _aBelieve and Achieve
250 _a1st Ed
260 _aUP
_bHarperCollins Publishers
_c2017
300 _a322
942 _2ddc
_cBK
999 _c12238
_d12238